Problemática actual del Estado en Centro América /

Spremljeno u:
Bibliografski detalji
Glavni autor: Reyes Illescas, Miguel Angel
Format: Tekst
Oznake: Dodaj oznaku
Bez oznaka, Budi prvi tko označuje ovaj zapis!

MARC

LEADER 00000 a a2200000 04500
001 48108
003
040
100 |a Reyes Illescas, Miguel Angel  
245 |a Problemática actual del Estado en Centro América /  |c Miguel Angel Reyes Illescas  
773 |g número44, (octubre-diciembre, 1996), páginas 33-37  
999 |c 32622  |d 32622